Catálogo Biblioteca Central

Spain (Registro nro. 183180)

Detalles MARC
000 -CABECERA
campo de control de longitud fija 00773nam a22002655 4500
001 - NÚMERO DE CONTROL
campo de control 183180
003 - IDENTIFICADOR DEL NÚMERO DE CONTROL
campo de control ES-MaBCM
005 - FECHA Y HORA DE LA ÚLTIMA TRANSACCIÓN
campo de control 20241016192836.0
008 - CÓDIGOS DE INFORMACIÓN DE LONGITUD FIJA
campo de control de longitud fija 110301s2009 fra eng d
020 ## - NÚMERO INTERNACIONAL NORMALIZADO PARA LIBROS(ISBN)
Número Internacional Normalizado para Libros (ISBN) 978-92-64-03936-0
021 ## -
-- xx
035 ## - NÚMERO DE CONTROL DEL SISTEMA
Número de control de sistema (OCoLC)1365162499
040 ## - FUENTE DE LA CATALOGACIÓN
Centro transcriptor ES-MaBCM
245 00 - MENCIÓN DE TÍTULO
Título Spain
Mención de responsabilidad etc. Paulo Santiago ...[et al.]
260 ## - PUBLICACIÓN, DISTRIBUCIÓN, ETC. (PIE DE IMPRENTA)
Lugar de publicación distribución etc. París :
Nombre del editor distribuidor etc. Organisatio for economic co-operation and development,
Fecha de publicación distribución etc. 2009
300 ## - DESCRIPCIÓN FÍSICA
Extensión 166 p.
Dimensiones 23 cm
440 #0 - MENCIÓN DE SERIE/PUNTO DE ACCESO ADICIONAL--TÍTULO
Título OCDE Reviews of Tertiary Education
RLIN 113767
650 #7 - PUNTO DE ACCESO ADICIONAL DE MATERIA--TÉRMINO DE MATERIA
Término de materia o nombre geográfico como elemento inicial Nivel de enseñanza
9 (RLIN) 59542
650 27 - PUNTO DE ACCESO ADICIONAL DE MATERIA--TÉRMINO DE MATERIA
Término de materia o nombre geográfico como elemento inicial Crecimiento económico
9 (RLIN) 58174
650 #7 - PUNTO DE ACCESO ADICIONAL DE MATERIA--TÉRMINO DE MATERIA
Término de materia o nombre geográfico como elemento inicial Enseñanza superior
9 (RLIN) 58572
651 24 - PUNTO DE ACCESO ADICIONAL DE MATERIA--NOMBRE GEOGRÁFICO
Nombre geográfico España
9 (RLIN) 115342
700 1# - PUNTO DE ACCESO ADICIONAL--NOMBRE DE PERSONA
Nombre de persona Santiago, Paulo
9 (RLIN) 92312
710 2# - PUNTO DE ACCESO ADICIONAL--NOMBRE DE ENTIDAD CORPORATIVA
Nombre de entidad o nombre de jurisdicción como elemento inicial OCDE
9 (RLIN) 52668
942 ## - ELEMENTOS DE PUNTO DE ACCESO ADICIONAL (KOHA)
Tipo de ítem Koha Libros
Existencias
Estado de retiro Estado de pérdida Fuente del sistema de clasificación o colocación Estado dañado No para préstamo Localización permanente Ubicación/localización actual Ubicación en estantería Fecha de adquisición Fuente de adquisición Número de inventario Número de registro Signatura topográfica completa Código de barras Precio válido a partir de Tipo de ítem Koha
          Biblioteca Central del Ministerio de la Presidencia Biblioteca Central del Ministerio de la Presidencia Sala 01/03/2011 Donativo 73994 73994 55174 1065142 01/03/2011 Libros